ბათუმის შოთა რუსთაველის სახელმწიფო უნივერსიტეტის ბიბლიოთეკა

Релапаротомия. (ბიბ.ჩანაწერი № 35165)

000 -LEADER
fixed length control field 00559nam a2200217Ia 4500
001 - CONTROL NUMBER
control field 1008
003 - CONTROL NUMBER IDENTIFIER
control field GE_BSU
008 - FIXED-LENGTH DATA ELEMENTS--GENERAL INFORMATION
fixed length control field 181216s||||||||xx |||||||||||||| ||und||
020 ## - INTERNATIONAL STANDARD BOOK NUMBER
International Standard Book Number 9666510286
040 ## - CATALOGING SOURCE
Transcribing agency GE_BSU
080 ## - UNIVERSAL DECIMAL CLASSIFICATION NUMBER
Universal Decimal Classification number 616-071(075.8):617-089(075.8)
100 ## - MAIN ENTRY--PERSONAL NAME
Personal name Радзиховский,А.П;Бобров,О,Е; Ткаченко,А.А;
245 ## - TITLE STATEMENT
Title Релапаротомия.
260 ## - PUBLICATION, DISTRIBUTION, ETC.
Place of publication, distribution, etc. Киев
260 ## - PUBLICATION, DISTRIBUTION, ETC.
Name of publisher, distributor, etc. Феникс
260 ## - PUBLICATION, DISTRIBUTION, ETC.
Date of publication, distribution, etc. 2001
300 ## - PHYSICAL DESCRIPTION
Extent 360 с.
653 ## - INDEX TERM--UNCONTROLLED
Uncontrolled term Релапаротомия
942 ## - ADDED ENTRY ELEMENTS (KOHA)
Koha item type წიგნი
ეგზემპლარები
Withdrawn status Lost status Damaged status Not for loan Date acquired Barcode Date last seen Price effective from Koha item type Public note
        2018-12-17 2457 2018-12-17 2018-12-17 წიგნი დარბაზი
        2018-12-17 2458 2018-12-17 2018-12-17 წიგნი დარბაზი